| 000 | 00659nam a2200253Ia 4500 | ||
|---|---|---|---|
| 003 | OSt | ||
| 005 | 20221005085455.0 | ||
| 006 | a|||||r|||| 00| 0 | ||
| 007 | ta | ||
| 008 | 221004b |||||||| |||| 00| 0 eng d | ||
| 024 | _a31128 | ||
| 037 | _cTextual | ||
| 040 |
_aCRL _cCRL _beng |
||
| 041 |
_2eng _aeng |
||
| 082 | _a3, M0 | ||
| 100 |
_aHughes Riley _9614239 |
||
| 245 | 0 | _aHow to write creatively | |
| 260 |
_aNew York _bFranklin Watts _c1980 |
||
| 300 |
_a66p _ccm. |
||
| 490 | _a(Language guide skills guide,1980). | ||
| 650 | _aPRINTING - STYLE MANUALS | ||
| 942 |
_h3, M0 _cTEXL _2cc |
||
| 999 |
_c994283 _d994283 |
||